Golden Globe Award for Best Actor – Motion Picture Musical or Comedy - Statistics

General Stats
  • This quiz has been taken 26 times
  • The average score is 19 of 68
Answer Stats
Year Actor % Correct
1999 Jim Carrey
74%
2000 George Clooney
68%
1997 Jack Nicholson
68%
1985 Jack Nicholson
68%
2013 Leonardo DiCaprio
63%
1988 Tom Hanks
63%
1982 Dustin Hoffman
58%
2015 Matt Damon
58%
1950 Fred Astaire
53%
2007 Johnny Depp
53%
1993 Robin Williams
53%
1991 Robin Williams
53%
1987 Robin Williams
53%
2016 Ryan Gosling
53%
1996 Tom Cruise
53%
2012 Hugh Jackman
47%
2004 Jamie Foxx
47%
1994 Hugh Grant
42%
1972 Jack Lemmon
42%
1960 Jack Lemmon
42%
1959 Jack Lemmon
42%
2014 Michael Keaton
42%
2003 Bill Murray
37%
1957 Frank Sinatra
37%
1995 John Travolta
32%
1989 Morgan Freeman
32%
2002 Richard Gere
32%
2009 Robert Downey, Jr.
32%
1975 Walter Matthau
32%
2005 Joaquin Phoenix
26%
1998 Michael Caine
26%
1983 Michael Caine
26%
1992 Tim Robbins
26%
1966 Alan Arkin
21%
1970 Albert Finney
21%
2001 Gene Hackman
21%
2011 Jean Dujardin
21%
1969 Peter O'Toole
21%
1978 Warren Beatty
21%
1984 Dudley Moore
16%
1981 Dudley Moore
16%
1975 George Burns
16%
1965 Lee Marvin
16%
1979 Peter Sellers
16%
1964 Rex Harrison
16%
1977 Richard Dreyfuss
16%
1974 Art Carney
11%
2008 Colin Farrell
11%
1952 Donald O'Connor
11%
1990 Gérard Depardieu
11%
1962 Marcello Mastroianni
11%
1955 Tom Ewell
11%
1971 Topol
11%
1963 Alberto Sordi
5%
1956 Cantinflas
5%
1958 Danny Kaye
5%
1951 Danny Kaye
5%
1953 David Niven
5%
1973 George Segal
5%
1961 Glenn Ford
5%
1954 James Mason
5%
1976 Kris Kristofferson
5%
2010 Paul Giamatti
5%
1986 Paul Hogan
5%
1980 Ray Sharkey
5%
1967 Richard Harris
5%
1968 Ron Moody
5%
2006 Sacha Baron Cohen
5%
No matching quizzes found
Score Distribution
Percent of People with Each Score
Percentile by Number Answered
Your Score History
You have not taken this quiz